| 000 | 00721nam a2200241 4500 | ||
|---|---|---|---|
| 001 | 72273 | ||
| 005 | 20260526145452.0 | ||
| 010 | _a978-989-9027-27-5 | ||
| 090 | _a72273 | ||
| 100 | _a20260506d2021 d||y0pory50030103ba | ||
| 101 | 0 |
_apor _ceng |
|
| 102 | _aPT | ||
| 200 | 1 |
_aAs rotas da seda _euma nova história do mundo _fPeter Frankopan _gil. Neil Packer |
|
| 210 | 9 |
_aCoimbra _cMinotauro _d2021 |
|
| 215 |
_a126, [2] p. _cmuito il. color., des. _d30 cm |
||
| 304 | _aTít. orig. : The silk roads | ||
| 675 |
_a 087.5-053.6 _vBN _zpor |
||
| 675 |
_a94(100) _vBN _zpor |
||
| 675 |
_a339.5(091) _vBN _zpor |
||
| 700 |
_aFrankopan _bPeter _f1971- _952892 |
||
| 702 |
_aPacker _bNeil _f1961- _4440 _952893 |
||
| 801 | 0 |
_aPT _bBN _gRPC |
|
| 942 |
_cMON _n0 |
||